1808 1664 1051 1751 1960 1882 1933 1191 1094 1558 1747 1094 1062 1544 1677 1641 1031 1823 1861 1322 1392 1115 1619 1162 1971 1128 1395 1960 1625 1901 1196 1786 1846 1311 1181 1527 1839 1899 1949 1171 1781 1638 1522 1634 1100 1448 1075 1524 1843 1628 1470 1598 1798 1766 1557 1666 1237 1514 1900 1906 1683 1296 1588 1680 1657 1455 1463 1435 1549 1006 1138 1443 1976 1134 1105 1877 1393 1547 1994 1410 1535 1777 1918 1259 1412 1572 1939 1926 1973 1791 1099 1868 1840 1473 1642 1484 1749 1175 1471 BCNSPRNW ULIB Ver.6.0+V

เปลี่ยนเป็นภาษาไทย

Change to English
 แสดงรายละเอียดบรรณานุกรม
  กลับหน้าหลัก

Brief Record : Get Marc (ISO 2709) : E-mail record : QR code < ปิดหน้าต่าง
LEADER : 00000nam 2200000uu 4500
001    13399129053
003     ULIB
008    020711s2567 th a 000 0 tha d
020    ^a9786166167054
060    ^aW18^bส215ต
100    ^aสันต์ ใจยอดศิลป์
245    ^aตำราเวชศาสตร์วิถีชีวิต/^cสันต์ ใจยอดศิลป์
250    ^aพิมพ์ครั้งที่ 1
260    ^aกรุงเทพฯ :^bพิมพ์สวย,^c2567
300    ^a394 หน้า
650    ^aสุขภาพ^xไทย
945    ^p650^l0^i011709
945    ^p650^l0^i011710
945    ^p650^l0^i011711
999    ^aประนอม เกษจรัล
รายการนี้ยังไม่มีแท็ก
คุณยังไม่ได้ล็อกอิน คุณสามารถมีกิจกรรมร่วมกับเว็บไซต์ได้ แต่ต้องล็อกอินก่อน ::
  ล็อกอิน

รายการสื่อสารสนเทศ

ลำดับที่ ประเภท เลขเรียก/บาร์โค้ด สถานที่ สถานะ
1. วิทยาศาสตร์การแพทย์ และสุขภาพ
หนังสือสำรอง
สถานะ=หนังสือสำรอง
W18 ส215ต ฉ.1 
  Barcode: 011709
ห้องสมุดวิทยาเขตสวรรค์ประชารักษ์
►หนังสือทั่วไป
บนชั้น
2. วิทยาศาสตร์การแพทย์ และสุขภาพ
วิทยาศาสตร์การแพทย์ และสุขภาพ
W18 ส215ต ฉ.2 
  Barcode: 011710
ห้องสมุดวิทยาเขตสวรรค์ประชารักษ์
►หนังสือทั่วไป
ถูกยืม กำหนดส่งวันที่ 10 เมษายน 2569
  จอง
3. วิทยาศาสตร์การแพทย์ และสุขภาพ
วิทยาศาสตร์การแพทย์ และสุขภาพ
W18 ส215ต ฉ.3 
  Barcode: 011711
ห้องสมุดวิทยาเขตสวรรค์ประชารักษ์
►หนังสือทั่วไป
บนชั้น

รายการใกล้เคียง
    ผู้แต่ง [สันต์ ใจยอดศิลป์]

BibComment


ยังไม่เคยถูกคอมเมนท์

คอมเมนท์ทรัพยากรรายการนี้
  คอมเมนท์: ตำราเวชศาสตร์วิถ..


 Copyright 2026. Bcnsprnw @Library